Indian Sociologists: Conversations (Record no. 360942)

MARC details
000 -LEADER
fixed length control field 00505 a2200193 4500
005 - DATE & TIME
control field 20250325102454.0
008 - FIXED-LENGTH DATA ELEMENTS--GENERAL INFORMATION
fixed length control field 250324b |||||||| |||| 00| 0 eng d
020 ## - ISBN
International Standard Book Number 9788131613603
Price Rs. 1895.00
040 ## - CATALOGING SOURCE
Original cataloging agency VIVEKANANDA LIBRARY
082 ## - DDC NUMBER
Classification number 301.24
Book Number N135I
100 ## - MAIN ENTRY--PERSONAL NAME
Personal name Nagla, B K, ed.
245 ## - TITLE STATEMENT
Title Indian Sociologists: Conversations
260 ## - PUBLICATION, DISTRIBUTION, ETC. (IMPRINT)
Name of publisher, distributor, etc Rawat Publications
Place of publication, distribution, etc New Delhi
Date of publication, distribution, etc 2024
300 ## - PHYSICAL DESCRIPTION
Pages xii, 338
650 ## - Subject
Subject Sociology
650 ## - Subject
Subject Indian Sociologists
650 ## - Subject
Subject Indian Society
942 ## - ADDED ENTRY ELEMENTS (KOHA)
Koha item type Books
Holdings
Withdrawn status Lost status Source of classification or shelving scheme Damaged status Not for loan Location (home branch) Sublocation or collection (holding branch) Shelving location Date acquired Koha issues (times borrowed) Koha full call number Accession No. Koha date last seen Koha item type
    Dewey Decimal Classification     VIVEKANANDA LIBRARY VIVEKANANDA LIBRARY Vivekananda Library 22/01/2025   301.24 N135I 441544 22/01/2025 Books
© Designed and Maintained by Vivekananda Library, MDU Rohtak